[Event "Karposh Open 2015"]
[Site "Skopje MKD"]
[Date "2015.03.27"]
[Round "1.1"]
[White "Karaokcu, Erkin"]
[Black "Ivanisevic, Ivan"]
[Result "0-1"]
[WhiteElo "2130"]
[BlackElo "2638"]
[PlyCount "44"]
[EventDate "2015.03.27"]
[EventType "swiss"]
[EventRounds "9"]
[EventCountry "MKD"]
[Source "lmi"]
[SourceDate "2015.03.27"]

1. Nf3 d5 2. c4 d4 3. g3 Nc6 4. Bg2 e5 5. d3 Nf6 6. O-O a5 7. e3 Bc5 8. exd4
Nxd4 9. Nxd4 Bxd4 10. Nc3 O-O 11. Qf3 h6 12. h3 c6 13. Ne2 Ba7 14. b3 Re8 15.
Bb2 Nh7 16. Rad1 Ng5 17. Qh5 Bf5 18. d4 Bc2 19. Rd2 Bg6 20. Qh4 exd4 21. Rxd4
Bxd4 22. Nxd4 Bd3 0-1

[Event "Karposh Open 2015"]
[Site "Skopje MKD"]
[Date "2015.03.27"]
[Round "1.2"]
[White "Tkachiev, Vladislav"]
[Black "Vrban, Rok"]
[Result "1-0"]
[WhiteElo "2634"]
[BlackElo "2124"]
[PlyCount "81"]
[EventDate "2015.03.27"]
[EventType "swiss"]
[EventRounds "9"]
[EventCountry "MKD"]
[Source "lmi"]
[SourceDate "2015.03.27"]

1. Nf3 Nf6 2. c4 d6 3. d4 g6 4. g3 Bg7 5. Bg2 O-O 6. Nc3 Nbd7 7. O-O e5 8. e4
c6 9. h3 Qb6 10. Re1 Re8 11. d5 Nc5 12. Rb1 a5 13. Be3 Qc7 14. Nd2 Nfd7 15. Qc2
Nb6 16. b3 Bd7 17. Rbc1 Rac8 18. Qb1 Rf8 19. a3 f5 20. b4 axb4 21. axb4 Nca4
22. dxc6 Nxc3 23. Qb3 Be6 24. cxb7 Rce8 25. exf5 gxf5 26. Qxc3 e4 27. Bd4 Qxb7
28. Qe3 Rb8 29. f3 d5 30. c5 Na4 31. Nb3 Qxb4 32. Bxg7 Kxg7 33. Nd4 Rbe8 34.
Kh2 Nxc5 35. Rxc5 Kh8 36. Rc7 f4 37. gxf4 Qd6 38. Rc6 Qd7 39. Rxe6 Rxe6 40.
Nxe6 Qxe6 41. fxe4 1-0

[Event "Karposh Open 2015"]
[Site "Skopje MKD"]
[Date "2015.03.27"]
[Round "1.3"]
[White "Sidiropoulos, Nikolaos"]
[Black "Perunovic, Milos"]
[Result "0-1"]
[WhiteElo "2123"]
[BlackElo "2632"]
[PlyCount "56"]
[EventDate "2015.03.27"]
[EventType "swiss"]
[EventRounds "9"]
[EventCountry "MKD"]
[Source "lmi"]
[SourceDate "2015.03.27"]

1. e4 c5 2. Nf3 e6 3. d4 cxd4 4. Nxd4 Nc6 5. Nc3 Qc7 6. Be3 a6 7. Be2 b5 8.
Nxc6 Qxc6 9. a3 Bb7 10. Qd4 Rc8 11. O-O Nf6 12. Bf3 Bc5 13. Qd3 e5 14. Nd5 Nxd5
15. exd5 Qb6 16. Qf5 d6 17. Bg5 h6 18. Bh4 Qc7 19. Rad1 Rb8 20. Qg4 g5 21. Bg3
Bc8 22. Qh5 Bf5 23. b4 Bb6 24. Rfe1 Qd7 25. Be2 Bg6 26. Qf3 f5 27. Bd3 O-O 28.
h4 e4 0-1

[Event "Karposh Open 2015"]
[Site "Skopje MKD"]
[Date "2015.03.27"]
[Round "1.4"]
[White "Kozul, Zdenko"]
[Black "Sevgi, Volkan"]
[Result "1-0"]
[WhiteElo "2630"]
[BlackElo "2122"]
[PlyCount "69"]
[EventDate "2015.03.27"]
[EventType "swiss"]
[EventRounds "9"]
[EventCountry "MKD"]
[Source "lmi"]
[SourceDate "2015.03.27"]

1. d4 d5 2. c4 c6 3. Nc3 e6 4. Nf3 f5 5. Bf4 Nf6 6. e3 Bd6 7. Bxd6 Qxd6 8. Bd3
O-O 9. O-O Ne4 10. Qc2 Nd7 11. Rac1 b6 12. Rfd1 Bb7 13. a3 Rad8 14. b4 Qe7 15.
Qb3 Ba8 16. cxd5 exd5 17. Ne2 Kh8 18. Qa4 a5 19. bxa5 c5 20. axb6 c4 21. Bc2
Nxb6 22. Qa5 Nd7 23. h4 Ndf6 24. Nf4 Rd6 25. Ne5 Nd7 26. Bxe4 fxe4 27. Qc7 Kg8
28. Rb1 Re8 29. Rb4 Nf8 30. Qxe7 Rxe7 31. Rb8 Ra6 32. Ra1 Bb7 33. Rb1 Ra7 34.
h5 Ba8 35. Rd8 1-0

[Event "Karposh Open 2015"]
[Site "Skopje MKD"]
[Date "2015.03.27"]
[Round "1.5"]
[White "Dmitrovic, Zoran"]
[Black "Georgiev, Kiril"]
[Result "0-1"]
[WhiteElo "2122"]
[BlackElo "2623"]
[PlyCount "62"]
[EventDate "2015.03.27"]
[EventType "swiss"]
[EventRounds "9"]
[EventCountry "MKD"]
[Source "lmi"]
[SourceDate "2015.03.27"]

1. Nf3 d5 2. g3 c6 3. Bg2 Bg4 4. c4 e6 5. Qb3 Qb6 6. O-O Nd7 7. d4 Ngf6 8. Nc3
Be7 9. Qxb6 axb6 10. cxd5 exd5 11. Bg5 b5 12. Bxf6 Bxf6 13. e3 O-O 14. Rfc1 Nb6
15. b3 b4 16. Nd1 Ra5 17. Ne5 Bxe5 18. dxe5 Rfa8 19. f3 Bf5 20. g4 Be6 21. Rc2
Nd7 22. f4 Bxg4 23. Nf2 Be6 24. Bh3 Bxh3 25. Nxh3 Ra3 26. Nf2 Rxb3 27. e4 Rc3
28. Rd2 Nb6 29. Rb1 Rc4 30. Rbd1 Kf8 31. f5 Re8 0-1

[Event "Karposh Open 2015"]
[Site "Skopje MKD"]
[Date "2015.03.27"]
[Round "1.6"]
[White "Markus, Robert"]
[Black "Exizoglou, Dimitrios"]
[Result "1-0"]
[WhiteElo "2615"]
[BlackElo "2122"]
[PlyCount "87"]
[EventDate "2015.03.27"]
[EventType "swiss"]
[EventRounds "9"]
[EventCountry "MKD"]
[Source "lmi"]
[SourceDate "2015.03.27"]

1. d4 d5 2. c4 c6 3. Nc3 Nf6 4. e3 e6 5. Nf3 Nbd7 6. Be2 Bd6 7. O-O O-O 8. b3
b6 9. Bb2 Bb7 10. a4 a5 11. Qc2 Rc8 12. e4 dxe4 13. Nxe4 Nxe4 14. Qxe4 Nf6 15.
Qh4 c5 16. Rad1 Qe7 17. d5 exd5 18. Bxf6 Qxf6 19. Qxf6 gxf6 20. cxd5 Rcd8 21.
Bb5 Bb8 22. Bc6 Bxc6 23. dxc6 Rc8 24. Nd2 Rxc6 25. Nc4 Bc7 26. Rfe1 Re6 27. g3
Rxe1+ 28. Rxe1 Rc8 29. f4 Kf8 30. Kf2 Rd8 31. Kf3 Rd4 32. Re4 Rd3+ 33. Re3 Rd4
34. Ke2 h5 35. Rd3 Re4+ 36. Kf3 Re6 37. Ne3 Rc6 38. Rd5 h4 39. gxh4 Kg7 40. h5
f5 41. Nxf5+ Kh7 42. Ne7 Re6 43. Rd7 Bb8 44. Nf5 1-0

[Event "Karposh Open 2015"]
[Site "Skopje MKD"]
[Date "2015.03.27"]
[Round "1.7"]
[White "Arsovic, Jelena"]
[Black "Fier, Alexandr"]
[Result "0-1"]
[WhiteElo "2119"]
[BlackElo "2601"]
[PlyCount "48"]
[EventDate "2015.03.27"]
[EventType "swiss"]
[EventRounds "9"]
[EventCountry "MKD"]
[Source "lmi"]
[SourceDate "2015.03.27"]

1. e4 c5 2. Nf3 e6 3. d3 Nc6 4. g3 g6 5. Bg5 f6 6. Be3 d5 7. exd5 exd5 8. d4
Nge7 9. Qd2 Nf5 10. Bg2 Qb6 11. Nc3 cxd4 12. Nxd4 Ncxd4 13. Nxd5 Qxb2 14. Bxd4
Qxd4 15. Nc7+ Kd8 16. Qxd4+ Nxd4 17. Nxa8 Nxc2+ 18. Ke2 Nxa1 19. Rxa1 Bg4+ 20.
Kf1 Kc8 21. Rc1+ Kb8 22. Nc7 Bh6 23. Rc4 Bd7 24. a4 Rc8 0-1

[Event "Karposh Open 2015"]
[Site "Skopje MKD"]
[Date "2015.03.27"]
[Round "1.8"]
[White "Nabaty, Tamir"]
[Black "Lazov, Toni"]
[Result "1-0"]
[WhiteElo "2590"]
[BlackElo "2115"]
[PlyCount "103"]
[EventDate "2015.03.27"]
[EventType "swiss"]
[EventRounds "9"]
[EventCountry "MKD"]
[Source "lmi"]
[SourceDate "2015.03.27"]

1. d4 Nf6 2. Nc3 d5 3. Bf4 g6 4. e3 Bg7 5. Nb5 Na6 6. Nf3 O-O 7. h3 c6 8. Nc3
b6 9. Ne5 Nb8 10. Bd3 Bb7 11. O-O Nbd7 12. a4 c5 13. Re1 Nxe5 14. Bxe5 Nd7 15.
Bxg7 Kxg7 16. Bb5 Nf6 17. a5 a6 18. Bf1 cxd4 19. exd4 b5 20. Ne2 Rc8 21. Nc1
Nd7 22. b4 e6 23. Nb3 Qc7 24. Bd3 Qc3 25. Qd2 Qxd2 26. Nxd2 Rfe8 27. Nb3 f6 28.
f4 Re7 29. Re3 Rce8 30. Rae1 e5 31. fxe5 fxe5 32. dxe5 Rxe5 33. Kf2 Kf6 34. g4
Bc8 35. h4 h6 36. g5+ hxg5 37. hxg5+ Kxg5 38. Rg1+ Kf6 39. Rf3+ Ke7 40. Nd4 Kd6
41. Rxg6+ Kc7 42. Bf5 Kb7 43. Bxd7 Bxd7 44. Rf7 R8e7 45. Rb6+ Ka7 46. Rff6 Re4
47. c3 Re3 48. Rxa6+ Kb7 49. Rfb6+ Kc7 50. Nxb5+ Kd8 51. Rb8+ Bc8 52. Rd6+ 1-0

[Event "Karposh Open 2015"]
[Site "Skopje MKD"]
[Date "2015.03.27"]
[Round "1.9"]
[White "Halmeenmaki, Tuomo"]
[Black "Palac, Mladen"]
[Result "1/2-1/2"]
[WhiteElo "2113"]
[BlackElo "2581"]
[PlyCount "76"]
[EventDate "2015.03.27"]
[EventType "swiss"]
[EventRounds "9"]
[EventCountry "MKD"]
[Source "lmi"]
[SourceDate "2015.03.27"]

1. Nf3 d5 2. g3 Nf6 3. Bg2 c6 4. O-O Bf5 5. d3 e6 6. Nbd2 Be7 7. b3 a5 8. a3
O-O 9. Bb2 Nbd7 10. a4 h6 11. e3 Bh7 12. Qe2 Nc5 13. Ne5 Nfd7 14. Nxd7 Nxd7 15.
e4 Re8 16. Kh1 Bf6 17. e5 Be7 18. f4 Bf8 19. Nf3 b5 20. Nd4 Qb6 21. f5 bxa4 22.
fxe6 fxe6 23. Rxa4 c5 24. Nf3 Qc7 25. Nh4 Nb6 26. Rg4 g5 27. Bc1 Bg7 28. Bxg5
hxg5 29. Rxg5 a4 30. bxa4 Nd7 31. Rxg7+ Kxg7 32. Qg4+ Kh8 33. Rf7 Rg8 34. Qh5
Rg7 35. Ng6+ Kg8 36. Ne7+ Kh8 37. Ng6+ Kg8 38. Ne7+ Kh8 1/2-1/2

[Event "Karposh Open 2015"]
[Site "Skopje MKD"]
[Date "2015.03.27"]
[Round "1.10"]
[White "Vocaturo, Daniele"]
[Black "Vidic, Miha"]
[Result "1-0"]
[WhiteElo "2579"]
[BlackElo "2112"]
[PlyCount "71"]
[EventDate "2015.03.27"]
[EventType "swiss"]
[EventRounds "9"]
[EventCountry "MKD"]
[Source "lmi"]
[SourceDate "2015.03.27"]

1. e4 c5 2. Nf3 e6 3. d4 cxd4 4. Nxd4 a6 5. c4 Nf6 6. Nc3 d6 7. Be2 Be7 8. O-O
O-O 9. Be3 Qc7 10. Qd2 b6 11. f3 Bb7 12. a4 Re8 13. Rfc1 Bf8 14. a5 bxa5 15.
Nb3 Nbd7 16. Nxa5 Rad8 17. Nd1 Ne5 18. b4 Qe7 19. Qb2 Nc6 20. Nxc6 Bxc6 21.
Rxa6 Ba8 22. Rca1 Rb8 23. Ba7 Bb7 24. Bxb8 Rxb8 25. Ra7 Nh5 26. Qd2 Qh4 27. Bf1
d5 28. c5 dxe4 29. Qf2 Qg5 30. fxe4 Nf4 31. g3 e5 32. Nc3 f6 33. Kh1 Ng6 34.
Bc4+ Kh8 35. Bd5 Bxd5 36. Nxd5 1-0

[Event "Karposh Open 2015"]
[Site "Skopje MKD"]
[Date "2015.03.27"]
[Round "1.11"]
[White "Kollari, Sulejman"]
[Black "Kraemer, Martin"]
[Result "0-1"]
[WhiteElo "2110"]
[BlackElo "2577"]
[PlyCount "52"]
[EventDate "2015.03.27"]
[EventType "swiss"]
[EventRounds "9"]
[EventCountry "MKD"]
[Source "lmi"]
[SourceDate "2015.03.27"]

1. e4 c5 2. Nf3 d6 3. d4 cxd4 4. Nxd4 Nf6 5. Nc3 a6 6. Bg5 Nbd7 7. Be2 e6 8.
O-O Be7 9. Kh1 h6 10. Be3 Qc7 11. a4 b6 12. Qd2 Bb7 13. f3 O-O 14. Rfd1 Rfd8
15. Rac1 Nc5 16. b4 Ncd7 17. b5 a5 18. Nb3 Rac8 19. Na2 d5 20. exd5 Nxd5 21. f4
Ba3 22. c4 Bxc1 23. Qxc1 Nxe3 24. Qxe3 Nc5 25. Nxc5 Qxc5 26. Qxc5 bxc5 0-1

[Event "Karposh Open 2015"]
[Site "Skopje MKD"]
[Date "2015.03.27"]
[Round "1.12"]
[White "Damljanovic, Branko"]
[Black "Stefanov, Emil"]
[Result "1-0"]
[WhiteElo "2562"]
[BlackElo "2110"]
[PlyCount "72"]
[EventDate "2015.03.27"]
[EventType "swiss"]
[EventRounds "9"]
[EventCountry "MKD"]
[Source "lmi"]
[SourceDate "2015.03.27"]

1. d4 Nf6 2. c4 c5 3. d5 e6 4. Nc3 exd5 5. cxd5 d6 6. Nf3 a6 7. a4 g6 8. Nd2
Bg7 9. e4 O-O 10. Be2 Re8 11. O-O Nbd7 12. h3 Qc7 13. Re1 g5 14. Nf1 h6 15. Ng3
Nf8 16. Bd2 Ng6 17. Rb1 Bd7 18. b4 b6 19. Qc2 Nf4 20. Bf1 h5 21. bxc5 Qxc5 22.
e5 Rxe5 23. Rxe5 dxe5 24. Be3 Qc8 25. Qd2 h4 26. Nge4 Nxe4 27. Nxe4 Bf5 28. Nd6
Qd7 29. Nxf5 Qxf5 30. Rxb6 Rd8 31. d6 Bf8 32. Rxa6 Qe6 33. a5 Rd7 34. Rc6 Nd5
35. Bc4 Rxd6 36. Rxd6 Qxd6 1-0

[Event "Karposh Open 2015"]
[Site "Skopje MKD"]
[Date "2015.03.27"]
[Round "1.13"]
[White "Saraci, Nderim"]
[Black "Kazhgaleyev, Murtas"]
[Result "0-1"]
[WhiteElo "2108"]
[BlackElo "2561"]
[PlyCount "104"]
[EventDate "2015.03.27"]
[EventType "swiss"]
[EventRounds "9"]
[EventCountry "MKD"]
[Source "lmi"]
[SourceDate "2015.03.27"]

1. d4 Nf6 2. Nf3 g6 3. g3 Bg7 4. Bg2 O-O 5. O-O d6 6. c4 Nbd7 7. Nc3 e5 8. Qc2
Re8 9. Rd1 c6 10. b3 Qe7 11. Ba3 exd4 12. Rxd4 Nc5 13. Rdd1 Ng4 14. Bxc5 dxc5
15. Rac1 Bh6 16. Nd2 Be3 17. Rf1 Bf5 18. Qb2 Rad8 19. Nf3 Bxc1 20. Qxc1 Ne5 21.
Nh4 Bc8 22. f4 Ng4 23. e4 Qd6 24. Nf3 f5 25. e5 Qe7 26. Bh3 Nh6 27. Rd1 Rxd1+
28. Qxd1 Nf7 29. Bf1 Nd8 30. Na4 Ne6 31. h4 Rd8 32. Qe1 Nd4 33. Nxd4 Rxd4 34.
Qe3 b6 35. Nb2 Qd8 36. Nd3 Be6 37. Qf3 Kf7 38. Qe3 Re4 39. Qf2 h6 40. Ne1 Qd1
41. Nf3 a5 42. Nd2 Rd4 43. Nf3 Rd3 44. Kg2 Rc3 45. Be2 Qb1 46. h5 gxh5 47. Nh4
Kg7 48. Bxh5 Rc2 49. Be2 Qxa2 50. Kf1 Qxb3 51. g4 Qh3+ 52. Qg2 Rc1+ 0-1

[Event "Karposh Open 2015"]
[Site "Skopje MKD"]
[Date "2015.03.27"]
[Round "1.14"]
[White "Zelcic, Robert"]
[Black "Yordanova, Svetla"]
[Result "1-0"]
[WhiteElo "2553"]
[BlackElo "2101"]
[PlyCount "53"]
[EventDate "2015.03.27"]
[EventType "swiss"]
[EventRounds "9"]
[EventCountry "MKD"]
[Source "lmi"]
[SourceDate "2015.03.27"]

1. e4 e5 2. Nf3 Nc6 3. d4 exd4 4. Nxd4 Nf6 5. Nc3 Bb4 6. Nxc6 bxc6 7. Bd3 d5 8.
exd5 cxd5 9. O-O O-O 10. h3 c6 11. Qf3 Be6 12. Ne2 Qd7 13. b3 a5 14. Bb2 Be7
15. Nf4 Rfe8 16. Rae1 a4 17. b4 a3 18. Bd4 Ne4 19. Nxe6 Qxe6 20. Bxe4 dxe4 21.
Rxe4 Qxa2 22. Rfe1 Qxc2 23. Rxe7 Rxe7 24. Rxe7 Rf8 25. Qg4 Qb1+ 26. Kh2 g6 27.
Qf4 1-0

[Event "Karposh Open 2015"]
[Site "Skopje MKD"]
[Date "2015.03.27"]
[Round "1.15"]
[White "Stosevski, Ilija"]
[Black "Pavlidis, Antonios"]
[Result "0-1"]
[WhiteElo "2096"]
[BlackElo "2539"]
[PlyCount "70"]
[EventDate "2015.03.27"]
[EventType "swiss"]
[EventRounds "9"]
[EventCountry "MKD"]
[Source "lmi"]
[SourceDate "2015.03.27"]

1. g3 Nf6 2. Bg2 d5 3. d3 c6 4. Nf3 Bg4 5. Nbd2 Nbd7 6. c4 e6 7. cxd5 exd5 8.
b3 a5 9. Bb2 a4 10. O-O Be7 11. Qc2 O-O 12. e4 Qa5 13. e5 Ne8 14. d4 Nc7 15. h3
Be6 16. Bc3 Qa7 17. b4 a3 18. Ne1 Nb5 19. Nb3 Qa4 20. f4 Nxc3 21. Qxc3 Bxb4 22.
Qd3 c5 23. f5 c4 24. Qe3 cxb3 25. axb3 Qc6 26. Rc1 Qb6 27. Nd3 a2 28. Nxb4 Qxb4
29. Ra1 Ra3 30. Kh2 Bxf5 31. Rxf5 Rxb3 32. Qf4 Rb2 33. Qf1 Rb1 34. Qe2 Rxa1 35.
e6 Qe1 0-1

[Event "Karposh Open 2015"]
[Site "Skopje MKD"]
[Date "2015.03.27"]
[Round "1.16"]
[White "Djukic, Nikola"]
[Black "Ozen, Bahadir"]
[Result "1/2-1/2"]
[WhiteElo "2529"]
[BlackElo "2092"]
[PlyCount "186"]
[EventDate "2015.03.27"]
[EventType "swiss"]
[EventRounds "9"]
[EventCountry "MKD"]
[Source "lmi"]
[SourceDate "2015.03.27"]

1. e4 e5 2. Nf3 Nc6 3. Bb5 a6 4. Ba4 Nf6 5. O-O b5 6. Bb3 Be7 7. Re1 O-O 8. d3
d6 9. c3 Na5 10. Bc2 c5 11. Nbd2 Re8 12. Nf1 Bf8 13. d4 cxd4 14. cxd4 exd4 15.
Nxd4 Bb7 16. Ng3 g6 17. Bf4 Nc4 18. b3 Ne5 19. Qd2 Bg7 20. Bh6 Bh8 21. h3 Rc8
22. Bg5 Qb6 23. Be3 Qc7 24. Rac1 Qc3 25. Qd1 Qa5 26. Bb1 Bg7 27. Rxc8 Rxc8 28.
f4 Ned7 29. Nf3 Qb4 30. Bd2 Qc5+ 31. Kh2 Re8 32. Re2 Qc7 33. Bb4 Bf8 34. Qe1
Nc5 35. Qc3 Bg7 36. Qe1 Ne6 37. Bd2 Nd7 38. Nf1 Nf6 39. Ng3 Nd7 40. Be3 Nf6 41.
b4 Nf8 42. Bf2 Ne6 43. Qd2 Rc8 44. Nd4 Nxd4 45. Bxd4 Qc1 46. Bc2 Qxd2 47. Rxd2
Rc4 48. Bxf6 Bxf6 49. Rxd6 Kg7 50. Bb3 Rd4 51. Rb6 Rd7 52. e5 Bd8 53. Rd6 Rxd6
54. exd6 Bc6 55. Ne2 Bf6 56. Nc1 Be4 57. Bd1 Kf8 58. Nb3 Bd5 59. Nc5 Bxa2 60.
Nxa6 Ke8 61. Bg4 Be6 62. Bxe6 fxe6 63. Nc7+ Kd7 64. Nxb5 Bb2 65. Kg3 Kc6 66.
Nc7 Kxd6 67. Na6 Kc6 68. Kf3 e5 69. fxe5 Bxe5 70. Ke4 Bg3 71. Nc5 Be1 72. Nd3
Bg3 73. Kd4 Kb5 74. Kd5 g5 75. Ke6 h5 76. Kf5 Bh4 77. Ne5 g4 78. Nxg4 hxg4 79.
Kxg4 Be1 80. Kf5 Bg3 81. Kg4 Be1 82. h4 Kxb4 83. h5 Bd2 84. Kf5 Kc5 85. g4 Kd6
86. Kf6 Bc3+ 87. Kf7 Ke5 88. Kg6 Ke6 89. g5 Bd2 90. h6 Bxg5 91. Kxg5 Kf7 92. h7
Kg7 93. h8=Q+ Kxh8 1/2-1/2

[Event "Karposh Open 2015"]
[Site "Skopje MKD"]
[Date "2015.03.27"]
[Round "1.17"]
[White "Krstev, Emil"]
[Black "Blagojevic, Dragisa"]
[Result "0-1"]
[WhiteElo "2092"]
[BlackElo "2522"]
[PlyCount "66"]
[EventDate "2015.03.27"]
[EventType "swiss"]
[EventRounds "9"]
[EventCountry "MKD"]
[Source "lmi"]
[SourceDate "2015.03.27"]

1. f4 d5 2. d4 g6 3. e3 Bg7 4. c4 c5 5. cxd5 cxd4 6. e4 e6 7. Nf3 exd5 8. e5 f6
9. Qxd4 Nc6 10. Bb5 fxe5 11. Nxe5 Qd6 12. Nc3 Nge7 13. O-O O-O 14. Bxc6 Nxc6
15. Qxd5+ Qxd5 16. Nxd5 Nxe5 17. fxe5 Rxf1+ 18. Kxf1 Bxe5 19. Bh6 Bd7 20. a4
Re8 21. Ra3 Bc6 22. Ne3 Bxb2 23. Ra2 Bd4 24. Ng4 Re4 25. Nf2 Rh4 26. Bg5 Rxh2
27. Ng4 Rh5 28. Be3 Bxe3 29. Nxe3 Ra5 30. Nc4 Bb5 31. axb5 Rxa2 32. b6 axb6 33.
Nxb6 h5 0-1

[Event "Karposh Open 2015"]
[Site "Skopje MKD"]
[Date "2015.03.27"]
[Round "1.18"]
[White "Kovacevic, Aleksandar"]
[Black "Sidorov, Anton"]
[Result "1-0"]
[WhiteElo "2517"]
[BlackElo "2090"]
[PlyCount "119"]
[EventDate "2015.03.27"]
[EventType "swiss"]
[EventRounds "9"]
[EventCountry "MKD"]
[Source "lmi"]
[SourceDate "2015.03.27"]

1. e4 c5 2. Nf3 Nc6 3. Bb5 g6 4. O-O Bg7 5. Re1 Nf6 6. Nc3 O-O 7. e5 Ne8 8. d3
Nc7 9. Bc4 d5 10. exd6 exd6 11. Bg5 Bf6 12. Bxf6 Qxf6 13. Qd2 Bf5 14. Qf4 Kg7
15. Ng5 Nd4 16. Bb3 Nce6 17. Nxe6+ Bxe6 18. Qd2 Bxb3 19. axb3 a6 20. Ne4 Qd8
21. b4 Rc8 22. bxc5 dxc5 23. Rad1 Qd5 24. c3 Ne6 25. c4 Qd7 26. b4 cxb4 27.
Qxb4 b5 28. Nc3 f6 29. Nd5 Rb8 30. Qa5 Qd6 31. Re3 b4 32. Rde1 Ng5 33. h4 Nf7
34. Re6 Qd8 35. Qa1 b3 36. Qb2 Ne5 37. R1xe5 fxe5 38. Qxe5+ Kh6 39. Qe3+ Kg7
40. Re7+ Rf7 41. Qe5+ Kg8 42. Nf6+ Rxf6 43. Qxf6 Qf8 44. Qe6+ Kh8 45. Rf7 Qh6
46. Qe5+ Kg8 47. Rg7+ Qxg7 48. Qxb8+ Kf7 49. Qb7+ Kf8 50. Qxb3 Qa1+ 51. Kh2 Qd4
52. Qa3+ Kg7 53. Qxa6 Qxf2 54. Qb7+ Kg8 55. Qd5+ Kg7 56. Qe5+ Kg8 57. Qe4 Kg7
58. d4 h6 59. c5 g5 60. h5 1-0

[Event "Karposh Open 2015"]
[Site "Skopje MKD"]
[Date "2015.03.27"]
[Round "1.19"]
[White "Spirliadis, Achileas"]
[Black "Mastrovasilis, Athanasios"]
[Result "0-1"]
[WhiteElo "2087"]
[BlackElo "2506"]
[PlyCount "56"]
[EventDate "2015.03.27"]
[EventType "swiss"]
[EventRounds "9"]
[EventCountry "MKD"]
[Source "lmi"]
[SourceDate "2015.03.27"]

1. e4 c5 2. c3 d5 3. exd5 Qxd5 4. d4 Nc6 5. Nf3 Bf5 6. Nbd2 Qe6+ 7. Be2 cxd4 8.
Nxd4 Nxd4 9. cxd4 Bd3 10. Nb3 Bxe2 11. Qxe2 Qxe2+ 12. Kxe2 Nf6 13. Bf4 Nd5 14.
Be5 h5 15. h4 Rh6 16. Rac1 Ra6 17. a3 f6 18. Bc7 e6 19. Rc2 g6 20. Bg3 Bh6 21.
Kd3 Rd8 22. Re1 Kf7 23. Rce2 e5 24. Nc5 Rc6 25. Rc2 Nf4+ 26. Bxf4 Rxd4+ 27. Ke2
Bxf4 28. g3 Bh6 0-1

[Event "Karposh Open 2015"]
[Site "Skopje MKD"]
[Date "2015.03.27"]
[Round "1.20"]
[White "Leniart, Arkadiusz"]
[Black "Gjorshev, Ljupcho"]
[Result "1-0"]
[WhiteElo "2488"]
[BlackElo "2084"]
[PlyCount "61"]
[EventDate "2015.03.27"]
[EventType "swiss"]
[EventRounds "9"]
[EventCountry "MKD"]
[Source "lmi"]
[SourceDate "2015.03.27"]

1. e4 d6 2. d4 Nd7 3. Nc3 e5 4. Nf3 c6 5. Bc4 Be7 6. O-O Bf6 7. d5 c5 8. Be2 h6
9. Nd2 g5 10. a4 Nf8 11. Bb5+ Nd7 12. a5 Kf8 13. Be2 Kg7 14. Bg4 Be7 15. Nc4
Ngf6 16. Bf5 Nb8 17. Ne3 Nbd7 18. h4 gxh4 19. Bh3 Kh7 20. Nf5 Nf8 21. Nxh6 Bxh3
22. Nxf7 Rg8 23. Nxd8 Rxg2+ 24. Kh1 Ng4 25. Qf3 Rh2+ 26. Kg1 Bxf1 27. Qf7+ Kh8
28. Qh5+ Nh7 29. Nf7+ Kg8 30. Qxg4+ Kxf7 31. Qe6+ 1-0

[Event "Karposh Open 2015"]
[Site "Skopje MKD"]
[Date "2015.03.27"]
[Round "1.21"]
[White "Stojkovska, Monika"]
[Black "Drenchev, Petar"]
[Result "0-1"]
[WhiteElo "2063"]
[BlackElo "2486"]
[PlyCount "120"]
[EventDate "2015.03.27"]
[EventType "swiss"]
[EventRounds "9"]
[EventCountry "MKD"]
[Source "lmi"]
[SourceDate "2015.03.27"]

1. e4 c5 2. Nf3 Nc6 3. d4 cxd4 4. Nxd4 Nf6 5. Nc3 d6 6. Bg5 e6 7. Qd2 a6 8.
O-O-O Bd7 9. f3 Be7 10. Kb1 O-O 11. Nxc6 Bxc6 12. h4 b5 13. g4 Rc8 14. Bd3 Bb7
15. Ne2 Nd7 16. Bxe7 Qxe7 17. g5 d5 18. exd5 Bxd5 19. Be4 Rfd8 20. Bxd5 Nb6 21.
Nf4 Nxd5 22. Nxd5 Rxd5 23. Qa5 Qd6 24. Rxd5 Qxd5 25. Rc1 g6 26. Qa3 Rc4 27.
Qxa6 Rxh4 28. Qc8+ Kg7 29. Qc3+ e5 30. Qe1 Rd4 31. Qh1 h5 32. gxh6+ Kh7 33. b3
Rf4 34. Rd1 Qxf3 35. Qxf3 Rxf3 36. Rd5 e4 37. Rxb5 f5 38. a4 e3 39. Re5 Rf1+
40. Kb2 f4 41. a5 Rd1 42. a6 Rd8 43. b4 Rf8 44. a7 Ra8 45. Re7+ Kxh6 46. Kc3 f3
47. Rxe3 Rxa7 48. Kd2 Rf7 49. Ke1 g5 50. Kf2 g4 51. Re1 Kg5 52. Kg3 Kf5 53. b5
Rh7 54. Ra1 Rh3+ 55. Kf2 Rh2+ 56. Ke3 Rxc2 57. Rb1 Re2+ 58. Kd3 Re8 59. b6 f2
60. b7 g3 0-1

[Event "Karposh Open 2015"]
[Site "Skopje MKD"]
[Date "2015.03.27"]
[Round "1.22"]
[White "Kuzmicz, Krystian"]
[Black "Velickovski-nejkovic, Maja"]
[Result "1-0"]
[WhiteElo "2485"]
[BlackElo "2061"]
[PlyCount "55"]
[EventDate "2015.03.27"]
[EventType "swiss"]
[EventRounds "9"]
[EventCountry "MKD"]
[Source "lmi"]
[SourceDate "2015.03.27"]

1. g3 e5 2. Bg2 Nf6 3. c4 d6 4. Nc3 c6 5. d4 Qc7 6. e3 Be7 7. Nge2 Nbd7 8. O-O
O-O 9. b3 Re8 10. Bb2 Nf8 11. Qc2 exd4 12. Nxd4 Qa5 13. e4 g6 14. Rad1 a6 15.
Rfe1 Qh5 16. f3 Bh3 17. Nce2 Bxg2 18. Kxg2 Rac8 19. Qc3 b5 20. cxb5 N8d7 21.
bxc6 Ne5 22. Nf4 Qh6 23. Nd5 Bd8 24. h3 Nh5 25. f4 Nxg3 26. Qxg3 Nxc6 27. Nf5
Qh5 28. Nxd6 1-0

[Event "Karposh Open 2015"]
[Site "Skopje MKD"]
[Date "2015.03.27"]
[Round "1.23"]
[White "Sahin, Ozgun"]
[Black "Miron, Lucian-costin"]
[Result "1/2-1/2"]
[WhiteElo "2054"]
[BlackElo "2485"]
[PlyCount "117"]
[EventDate "2015.03.27"]
[EventType "swiss"]
[EventRounds "9"]
[EventCountry "MKD"]
[Source "lmi"]
[SourceDate "2015.03.27"]

1. d4 d5 2. Nc3 Nf6 3. Bg5 Nbd7 4. f3 c5 5. dxc5 Qa5 6. Qd2 e5 7. e4 dxe4 8.
Nxe4 Qxd2+ 9. Nxd2 Bxc5 10. O-O-O O-O 11. Nc4 a6 12. Nd6 h6 13. Bh4 b5 14. Ne2
Rd8 15. Nc3 Bd4 16. Nf5 Bxc3 17. bxc3 Bb7 18. Rd6 Kf8 19. Nxh6 Ne8 20. Rd2 gxh6
21. Bxd8 Rxd8 22. Be2 Ke7 23. Rhd1 Nef6 24. c4 b4 25. Kb2 Rg8 26. g3 Nc5 27. a3
bxa3+ 28. Kxa3 a5 29. Rd6 Rc8 30. Rb6 Bc6 31. Rf1 Nfd7 32. Rbb1 f5 33. Rbe1 Rb8
34. Bd3 e4 35. fxe4 fxe4 36. Rf5 Kd6 37. Bf1 Re8 38. Rh5 Re6 39. Bh3 Rf6 40.
Rd1+ Ke7 41. Bxd7 Rf3+ 42. Ka2 Nxd7 43. Rxa5 Rf2 44. Rh5 e3 45. Rd3 Rxc2+ 46.
Kb3 Re2 47. Rxh6 Ne5 48. Rdd6 Bd7 49. Rd5 Nf7 50. Ra6 Be6 51. Rd4 Ng5 52. h4
Rd2 53. Rxd2 exd2 54. Kc2 Ne4 55. Ra1 Bxc4 56. Rd1 Bb5 57. Rxd2 Ba4+ 58. Kd3
Nxd2 59. Kxd2 1/2-1/2

[Event "Karposh Open 2015"]
[Site "Skopje MKD"]
[Date "2015.03.27"]
[Round "1.24"]
[White "Pancevski, Filip"]
[Black "Manelidis, Savvas"]
[Result "1-0"]
[WhiteElo "2485"]
[BlackElo "2051"]
[PlyCount "49"]
[EventDate "2015.03.27"]
[EventType "swiss"]
[EventRounds "9"]
[EventCountry "MKD"]
[Source "lmi"]
[SourceDate "2015.03.27"]

1. e4 e5 2. Nf3 Nc6 3. Bb5 a6 4. Ba4 Nge7 5. c3 g6 6. d4 exd4 7. cxd4 Bg7 8. d5
b5 9. Bc2 Nb4 10. Bb3 a5 11. a3 Na6 12. Nc3 Nc5 13. Be3 Nxb3 14. Qxb3 O-O 15.
O-O Ba6 16. Rfd1 a4 17. Qb4 Nc8 18. Bd4 Nd6 19. Bxg7 Kxg7 20. e5 Nf5 21. Ne4 h6
22. Rac1 d6 23. Qc3 b4 24. axb4 dxe5 25. Nxe5 1-0